00489nam a2200193 a 4500001001300000003000900013005001700022008004100039020001000080082001300090100002100103245003500124260003200159300000900191500003500200505002800235650001100263700002100274nice12345678IN_TiNIC20260116015143.0050524s1971 lona grp 000 0 eng  ac10000a170bBAR aBarclay, William aEthics in a Permissive Society aLondonbFontana Booksc1971 a222p aincludes index and biblioraphy2 aForeign Parts 1701-1950 aEthics1 aBarclay, William